Manual of office procedure (Record no. 22320)

MARC details
000 -LEADER
fixed length control field 00271nam a2200109Ia 4500
082 ## - DEWEY DECIMAL CLASSIFICATION NUMBER
Classification number 651
Item number MAN;1
245 #0 - TITLE STATEMENT
Title Manual of office procedure
250 ## - EDITION STATEMENT
Edition statement Ed.2
260 ## - PUBLICATION, DISTRIBUTION, ETC. (IMPRINT)
Place of publication India
Name of publisher Manager of Publications
Year of publication 1956
942 ## - ADDED ENTRY ELEMENTS (KOHA)
Koha item type Books
Holdings
Withdrawn status Lost status Damaged status Not for loan Home library Current library Date acquired Cost, normal purchase price Full call number Accession Number Koha item type
        RRII Library RRII Library 16/12/2021 1.10 651 MAN;1 03041 Books